ANALES DE HIGIENE ESCOLAR (Record no. 59353)
[ view plain ]
| 000 -CABECERA | |
|---|---|
| campo de control de longitud fija | 00507nam a2200169 a 4500 |
| 005 - FECHA Y HORA DE LA ÚLTIMA TRANSACCIÓN | |
| campo de control | 20210219152716.0 |
| 008 - ELEMENTOS DE LONGITUD FIJA--INFORMACIÓN GENERAL | |
| campo de control de longitud fija | 991125n dis 000 0 spa u |
| 035 ## - NÚMERO DE CONTROL DEL SISTEMA | |
| Número de control de sistema | UPN01000059361 |
| 049 ## - COLECCIÓN | |
| Colección | Acervo histórico |
| 245 #0 - MENCIÓN DE TÍTULO | |
| Título | ANALES DE HIGIENE ESCOLAR |
| 260 ## - PUBLICACIÓN, DISTRIBUCIÓN, ETC. | |
| Lugar de publicación, distribución, etc. | Distrito Federal, México : |
| Nombre del editor, distribuidor, etc. | Organo del Servicio Higiénico del Ramo de Instrucción Pública |
| 310 ## - FRECUENCIA ACTUAL DE LA PUBLICACION | |
| Periodicidad actual | Semestral |
| 362 ## - FECHAS DE PUBLICACIÓN Y/O DESIGNACIÓN SECUENCIAL | |
| Fecha de publicación y/o designación secuencial | 1911-12 1 (jul.-jun.) |
| 362 ## - FECHAS DE PUBLICACIÓN Y/O DESIGNACIÓN SECUENCIAL | |
| Fecha de publicación y/o designación secuencial | 1912-13 2 (jul.-jun.) |
| 904 ## - ELEMENTOS DE DATOS D LOCAL, LDD (RLIN) | |
| a | AC |
| b | 000093 |
| 905 ## - TIPO DE MATERIAL | |
| Tipo de material | Revista |
No items available.
